U.S. States by Abbreviation - Statistics

General Stats
  • This quiz has been taken 336 times
    324 since last reset
  • The average score is 47 of 50
Answer Stats
State Abbreviation % Correct
Alaska AK
99%
Alabama AL
99%
California CA
99%
Colorodo CO
99%
Arizona AZ
98%
Delaware DE
98%
Florida FL
98%
Arkansas AR
97%
Georgia GA
97%
Connecticut CT
96%
Hawaii HI
96%
Iowa IA
96%
Idaho ID
95%
Illinois IL
95%
New Jersey NJ
95%
New York NY
95%
Indiana IN
94%
Kansas KS
94%
Massachusetts MA
94%
Michigan MI
94%
North Carolina NC
94%
North Dakota ND
94%
New Hampshire NH
94%
Montana MT
93%
New Mexico NM
93%
Ohio OH
93%
South Carolina SC
93%
South Dakota SD
93%
Maine ME
92%
Minnesota MN
92%
Missouri MO
92%
Mississippi MS
92%
Nebraska NE
92%
Nevada NV
92%
Rhode Island RI
92%
Louisiana LA
91%
Oklahoma OK
91%
Kentucky KY
90%
Maryland MD
90%
Oregon OR
90%
Pennsylvania PA
90%
Tennessee TN
90%
Texas TX
90%
Washington WA
90%
West Virginia WV
90%
Utah UT
89%
Wisconsin WI
89%
Vermont VT
88%
Wyoming WY
88%
Virginia VA
87%
No matching quizzes found
Score Distribution
Percent of People with Each Score
Percentile by Number Answered
Your Score History
You have not taken this quiz since the last reset